A companion to the American Revolution / (Record no. 4844)

MARC details
000 -LEADER
campo de control de longitud fija 00582nam a2200193 4500
001 - NÚMERO DE CONTROL
campo de control 20930
005 - FECHA Y HORA DE LA ÚLTIMA TRANSACCIÓN
campo de control 20230404125807.0
008 - DATOS DE LONGITUD FIJA--INFORMACIÓN GENERAL
campo de control de longitud fija 060907n2004 dr spa
020 ## - NÚMERO INTERNACIONAL ESTÁNDAR DEL LIBRO
Número Internacional Estándar del Libro 1405116749
035 ## - NÚMERO DE CONTROL DEL SISTEMA
-- funglode21083
041 ## - CÓDIGO DE IDIOMA
Código de lengua del texto/banda sonora o título independiente EN
050 14 - SIGNATURA TOPOGRÁFICA DE LA BIBLIOTECA DEL CONGRESO
Número de clasificación 002 E 208 C737 2000
245 02 - MENCIÓN DEL TÍTULO
Título A companion to the American Revolution /
Mención de responsabilidad, etc. edited by Jack P. Greene, and J. R. Pole
260 ## - PUBLICACIÓN, DISTRIBUCIÓN, ETC.
Lugar de publicación, distribución, etc. Malden, MA :
Nombre del editor, distribuidor, etc. Blackwell Publishing,
Fecha de publicación, distribución, etc. 2004
300 ## - DESCRIPCIÓN FÍSICA
Extensión xvi, 778 p.
440 ## - MENCIÓN DE SERIE/PUNTO DE ACCESO ADICIONAL--TÍTULO
Título Blackwell companions to American history
700 ## - ENTRADA AGREGADA--NOMBRE PERSONAL
Nombre de persona Greene, Jack P \ Pole, J. R
942 ## - ELEMENTOS DE ENTRADA SECUNDARIOS (KOHA)
Fuente del sistema de clasificación o colocación Clasificación de Library of Congress
Tipo de ítem Koha
Holdings
Estatus retirado Estado de pérdida Fuente del sistema de clasificación o colocación Estado de daño No para préstamo Colección Biblioteca de origen Biblioteca actual Ubicación en estantería Fecha de adquisición Serial enumeration / chronology Total checkouts Signatura topográfica completa Código de barras Visto por última vez Precio de reemplazo Tipo de ítem Koha
    Clasificación de Library of Congress     Recursos Regionales Biblioteca Juan Bosch Biblioteca Juan Bosch Recursos Regionales (2do. Piso) 23/10/2018 1   002 E 208 C737 2000 00000020181 23/10/2018 23/10/2018